[Event "Solingen-ch 2019"]
[Site "Solingen"]
[Date "2019.09.06"]
[Round "1.1"]
[White "Kniest, Oliver"]
[Black "Kowalzick, Uwe"]
[Result "1-0"]
[WhiteElo "2292"]
[BlackElo "1782"]
[PlyCount "61"]
[EventDate "2019.??.??"]
[WhiteTeam "SG Solingen"]
[BlackTeam "Velberter SG"]

1. d4 d5 2. c4 c6 3. Nf3 Nf6 4. e3 g6 5. Nc3 Bg7 6. Bd3 Bg4 7. O-O O-O 8. h3
Be6 9. b3 Na6 10. Bb2 Nc7 11. Qe2 Bh6 12. Ne5 Qc8 13. f4 Nh5 14. Qf2 f5 15. Qh4
Bg7 16. Qxe7 Rf6 17. Qa3 Bf8 18. c5 Ng3 19. Rfe1 Ne4 20. b4 Ne8 21. Qb3 Ng7 22.
a4 Nh5 23. b5 Nhg3 24. a5 Kg7 25. a6 h6 26. axb7 Qxb7 27. Nxc6 Nxc5 28. dxc5 d4
29. Qb4 dxc3 30. Bxc3 Re8 31. Rxa7 1-0

[Event "Solingen-ch 2019"]
[Site "Solingen"]
[Date "2019.09.06"]
[Round "1.2"]
[White "Fränzel, Dr. Marius"]
[Black "Zolfagharian, Kevin"]
[Result "0-1"]
[WhiteElo "1760"]
[BlackElo "2257"]
[PlyCount "80"]
[EventDate "2019.??.??"]
[WhiteTeam "SG Solingen"]
[BlackTeam "SG Solingen"]

1. e4 c5 2. c3 e5 3. Nf3 Nc6 4. d4 exd4 5. cxd4 cxd4 6. Nxd4 Nf6 7. Nc3 Bb4 8.
Nxc6 dxc6 9. Qxd8+ Kxd8 10. Bg5 h6 11. Bxf6+ gxf6 12. O-O-O+ Ke7 13. Be2 Be6
14. a3 Bc5 15. Rhf1 Rhg8 16. Na4 Bd6 17. Rxd6 Kxd6 18. Rd1+ Kc7 19. g3 Bb3 20.
Rd4 Bxa4 21. Rxa4 b5 22. Rd4 Rgd8 23. Rxd8 Rxd8 24. Bh5 Rd7 25. Kc2 c5 26. b3
a5 27. Be2 Kb6 28. f3 Rd4 29. Kc3 a4 30. b4 Rd7 31. bxc5+ Kxc5 32. g4 Rb7 33.
h4 b4+ 34. Kb2 Rd7 35. axb4+ Kxb4 36. Ba6 Rd2+ 37. Kc1 Kc3 38. Bb7 a3 39. Kb1
Rb2+ 40. Ka1 Rxb7 0-1

[Event "Solingen-ch 2019"]
[Site "Solingen"]
[Date "2019.09.06"]
[Round "1.3"]
[White "Görke, Joachim"]
[Black "Skiber, Friedel"]
[Result "1-0"]
[WhiteElo "2103"]
[BlackElo "1735"]
[PlyCount "49"]
[EventDate "2019.??.??"]
[WhiteTeam "SG Solingen"]
[BlackTeam "SG Solingen"]

1. e4 d6 2. d4 Nf6 3. Nc3 g6 4. h3 Bg7 5. Be3 O-O
6. Nf3 c6 7. Qd2 b5 8. a3 a5 9. Bd3 Bb7 10. O-O Nbd7 11. e5 b4 12. exf6 bxc3
13. fxe7 Qxe7 14. bxc3 c5 15. Rfe1 Bxf3 16. Bg5 Qxe1+ 17. Rxe1 Bc6 18. d5 Bxd5
19. Bxg6 hxg6 20. Qxd5 Bxc3 21. Re7 Ne5 22. f4 Rab8 23. fxe5 dxe5 24. Bh6 Rbd8
25. Qc4 1-0

[Event "Solingen-ch 2019"]
[Site "Solingen"]
[Date "2019.09.06"]
[Round "1.4"]
[White "Kaiser, Stephan"]
[Black "Flesch, Dr. Stefan"]
[Result "0-1"]
[WhiteElo "1717"]
[BlackElo "2058"]
[PlyCount "72"]
[EventDate "2019.??.??"]
[WhiteTeam "SG Solingen"]
[BlackTeam "SG Solingen"]

1. d4 Nf6 2. c4 c5 3. e3 g6 4. Nc3 Bg7 5. Nf3 O-O 6. Be2 cxd4 7. exd4 d5 8. O-O
Nc6 9. Bf4 a6 10. Re1 h6 11. h3 Be6 12. cxd5 Nxd5 13. Bg3 Nb6 14. Be5 Nxe5 15.
Nxe5 Bxe5 16. dxe5 Qc7 17. Bd3 Rfd8 18. Qc2 Kg7 19. Rac1 Rac8 20. Qe2 Qb8 21.
Kh2 Rd4 22. Qe3 Rcd8 23. Red1 Bc4 24. Bc2 Rxd1 25. Rxd1 Rxd1 26. Bxd1 Qc7 27.
f4 Be6 28. Bf3 Nc4 29. Qe2 b5 30. b3 Nb6 31. Qd3 g5 32. g3 gxf4 33. gxf4 Qc5
34. Qd2 Bf5 35. Qg2+ Kh7 36. Qe2 Qxc3 0-1

[Event "Solingen-ch 2019"]
[Site "Solingen"]
[Date "2019.09.06"]
[Round "1.5"]
[White "Borchert, Stephan"]
[Black "Sereda, Yaroslava"]
[Result "1-0"]
[WhiteElo "2033"]
[BlackElo "1687"]
[PlyCount "51"]
[EventDate "2019.??.??"]
[WhiteTeam "SG Solingen"]
[BlackTeam "SG Solingen"]

1. e4 c5 2. Nf3 Nc6 3. b3 e6 4. Bb2 d5 5. Bb5 Bd7 6. exd5 exd5 7. O-O Nf6 8.
Re1+ Be7 9. Qe2 Nb4 10. Na3 a6 11. Bxd7+ Qxd7 12. d4 Nc6 13. Ne5 Qd6 14. dxc5
Qxc5 15. Nxc6 bxc6 16. c4 Kd7 17. cxd5 cxd5 18. Rac1 Qb4 19. Nc2 Qe4 20. Qd1
Qf5 21. Ne3 Qh5 22. Qd4 Bd6 23. h3 Rhc8 24. Qa4+ Kd8 25. Nxd5 Rxc1 26. Bxf6+
1-0

[Event "Solingen-ch 2019"]
[Site "Solingen"]
[Date "2019.09.06"]
[Round "1.6"]
[White "Bauer, Matthias"]
[Black "Speck, Stefan"]
[Result "0-1"]
[WhiteElo "1645"]
[BlackElo "1991"]
[PlyCount "70"]
[EventDate "2019.??.??"]
[WhiteTeam "SV Günnigfeld"]
[BlackTeam "SC Solingen 28"]

1. Nf3 b6 2. d4 Nf6 3. e3 Bb7 4. Bd3 d5 5. Nbd2 e6 6. c3 c5 7. O-O Bd6 8. Re1
Ne4 9. Bb5+ Kf8 10. dxc5 Nxc5 11. Nb3 Nbd7 12. a4 Nxb3 13. Qxb3 Nc5 14. Qc2 Rc8
15. Nd2 Qc7 16. h3 h5 17. b4 Ne4 18. Nxe4 dxe4 19. Ba3 Qxc3 20. Qxc3 Rxc3 21.
Rec1 Rxc1+ 22. Rxc1 Ke7 23. Bc6 Bxc6 24. Rxc6 Rd8 25. g3 Rd7 26. Rc4 f5 27. Bb2
g6 28. b5 Rc7 29. Rxc7+ Bxc7 30. Kf1 Kd6 31. Ke2 Kd5 32. Bd4 Kc4 33. a5 Kxb5
34. axb6 axb6 35. Kd2 Kc4 {ZÜ} 0-1

[Event "Solingen-ch 2019"]
[Site "Solingen"]
[Date "2019.09.06"]
[Round "1.7"]
[White "Steinbach, Wolfgang"]
[Black "Büttgenbach, Uwe Eugen"]
[Result "1-0"]
[WhiteElo "1983"]
[BlackElo "1583"]
[PlyCount "59"]
[EventDate "2019.??.??"]
[WhiteTeam "SG Solingen"]
[BlackTeam "Klub Kölner SF"]

1. Nf3 b6 2. d4 Bb7 3. c4 e6 4. e3 Nf6 5. Bd3 c5 6. O-O d5 7. Nc3 Nbd7 8. cxd5
Nxd5 9. e4 Nb4 10. Bb1 cxd4 11. Nxd4 a6 12. a3 Nc6 13. Ba2 Qf6 14. Be3 Be7 15.
Rc1 Qg6 16. Re1 O-O 17. Nxe6 fxe6 18. Qxd7 Bc8 19. Qxc6 Rb8 20. Rcd1 Kh8 21.
Rd2 Bh4 22. Qd6 Bb7 23. Qxe6 Rf6 24. Qe5 Re8 25. Qd4 Rf3 26. Bd5 Bf6 27. Qxb6
Bxd5 28. Nxd5 Rxe4 29. Nxf6 gxf6 30. Rd8+ 1-0

[Event "Solingen-ch 2019"]
[Site "Solingen"]
[Date "2019.09.06"]
[Round "1.8"]
[White "Schubert, Stefan"]
[Black "Vranidis, Athanassios"]
[Result "0-1"]
[WhiteElo "1572"]
[BlackElo "1970"]
[PlyCount "168"]
[EventDate "2019.??.??"]
[WhiteTeam "SG Solingen"]
[BlackTeam "SG Solingen"]

1. c4 Nf6 2. Nc3 e6 3. g3 d5 4. cxd5 exd5 5. e3 Be7 6. Bg2 O-O 7. Nge2 c6 8.
O-O Bf5 9. d3 h6 10. f4 Bh7 11. f5 Na6 12. a3 Re8 13. d4 Qb6 14. Na4 Qd8 15.
Nac3 Nc7 16. b4 a6 17. Bb2 Nb5 18. Na4 Nd6 19. Nec3 Nc4 20. Bc1 Bd6 21. Nb2
Nxe3 22. Bxe3 Rxe3 23. Qd2 Re8 24. Nd3 Qd7 25. Bh3 Re7 26. Rae1 Rae8 27. g4
Rxe1 28. Rxe1 Rxe1+ 29. Qxe1 Qe8 30. Qxe8+ Nxe8 31. Na4 Kf8 32. Nac5 Bxc5 33.
Nxc5 Nd6 34. Bf1 Ke7 35. Kf2 g6 36. fxg6 Bxg6 37. Ke3 f5 38. h3 fxg4 39. hxg4
h5 40. gxh5 Bxh5 41. Kf4 Bg6 42. Kg5 Bf7 43. Bd3 Kd8 44. Be2 Kc7 45. a4 Bg8 46.
Bd3 Nc4 47. Bc2 Nb2 48. Kf6 b6 49. Ne6+ Bxe6 50. Kxe6 Nc4 51. Bb3 Nd6 52. Bc2
Nc4 53. Bb3 Ne3 54. Ke5 Kd7 55. Kf4 Nc4 56. Kf5 Kd6 57. Kf4 a5 58. b5 cxb5 59.
axb5 Na3 60. Ba4 Nb1 61. Ke3 Nc3 62. Bc2 Nxb5 63. Kd3 Nc7 64. Kc3 b5 65. Kb3
Ne6 66. Kc3 Nf4 67. Kd2 Kc6 68. Bd1 Kb6 69. Kc3 Ne6 70. Bg4 Nc7 71. Kd3 a4 72.
Kc3 Ka5 73. Bd1 b4+ 74. Kb2 Nb5 75. Bf3 a3+ 76. Ka2 Nxd4 77. Bxd5 Ka4 78. Ka1
b3 79. Kb1 Kb4 80. Bg8 Kc3 81. Bh7 a2+ 82. Ka1 Nc2+ 83. Bxc2 bxc2 84. Kxa2 Kd2
0-1

[Event "Solingen-ch 2019"]
[Site "Solingen"]
[Date "2019.09.06"]
[Round "1.9"]
[White "Rosenauer, Horst"]
[Black "Falk, Thomas"]
[Result "1-0"]
[WhiteElo "1966"]
[BlackElo "1558"]
[PlyCount "51"]
[EventDate "2019.??.??"]
[WhiteTeam "Bergische SF"]
[BlackTeam "Elberfelder SG"]

1. e4 e6 2. d4 d5 3. Nc3 Nc6 4. Nf3 Nf6 5. Bg5 Be7 6. e5 Ne4 7. Bxe7 Qxe7 8.
Bd3 Nxc3 9. bxc3 O-O 10. h4 f6 11. Qe2 fxe5 12. dxe5 h6 13. Rh3 Bd7 14. g4 Rxf3
15. Rxf3 Qxh4 16. O-O-O Qg5+ 17. Kb2 Qxe5 18. Qf1 Qd6 {(=)} 19. g5 Ne5 20. Rg3
Nxd3+ 21. Qxd3 hxg5 22. Rh1 Qe5 23. Qh7+ Kf7 24. Qh5+ g6 25. Qh7+ Qg7 26. Rf3+
1-0

[Event "Solingen-ch 2019"]
[Site "Solingen"]
[Date "2019.09.06"]
[Round "1.10"]
[White "Fodor, Bernhard"]
[Black "Kushchan, Eduard"]
[Result "0-1"]
[WhiteElo "1345"]
[BlackElo "1944"]
[PlyCount "38"]
[EventDate "2019.??.??"]
[WhiteTeam "SG Solingen"]
[BlackTeam "SG Solingen"]

1. f4 d5 2. Nf3 c5 3. c4 d4 4. d3 Nc6 5. a3 Nf6 6. h3 Qc7 7. g3 e5 8. Bg2 Bd6
9. Ng5 exf4 10. Nxf7 Qxf7 11. O-O Qg6 12. g4 h5 13. Bxf4 Bxf4 14. Rxf4 hxg4 15.
Bxc6+ bxc6 16. Qf1 gxh3+ 17. Kh1 Nh5 18. Re4+ Qxe4+ 19. dxe4 Ng3+ 0-1

[Event "Solingen-ch 2019"]
[Site "Solingen"]
[Date "2019.09.06"]
[Round "1.11"]
[White "Boschek, Dr. Hans-Joachim"]
[Black "Helfer, Bernd"]
[Result "0-1"]
[WhiteElo "1916"]
[BlackElo "1717"]
[PlyCount "50"]
[EventDate "2019.??.??"]
[WhiteTeam "SG Solingen"]
[BlackTeam "SC Erkrath"]

1. d4 Nf6 2. Nf3 e6 3. g3 c5 4. Bg2 Be7 5. O-O O-O
6. c4 cxd4 7. Nxd4 Nc6 8. Nc3 a6 9. Nc2 Qc7 10. b3 Rd8 11. e4 d6 12. Bb2 b6 13.
Qe2 Bb7 14. Rad1 Nb8 15. f4 Nbd7 16. Kh1 Rac8 17. g4 d5 18. exd5 exd5 19. Qxe7
Re8 20. Qa3 dxc4 21. Qd6 Bxg2+ 22. Kxg2 Qb7+ 23. Kg3 cxb3 24. Nd4 Rxc3+ 25.
Bxc3 Ne4+ 0-1

[Event "Solingen-ch 2019"]
[Site "Solingen"]
[Date "2019.09.06"]
[Round "1.12"]
[White "Cakir, Eren"]
[Black "Meckel, Helmut"]
[Result "1/2-1/2"]
[WhiteElo "1689"]
[BlackElo "1857"]
[PlyCount "93"]
[EventDate "2019.??.??"]
[WhiteTeam "Bahn-SC Wuppertal"]
[BlackTeam "SG Solingen"]

1. d4 f5 2. c4 Nf6 3. Nc3 e6 4. Nf3 Be7 5. g3 d6 6. Bg2 O-O 7. O-O Qe8 8. Re1
Qh5 9. e4 fxe4 10. Nxe4 Nc6 11. Neg5 Nd8 12. b3 h6 13. Ne4 Nxe4 14. Rxe4 Bf6
15. Bb2 Bd7 16. Nh4 Qxd1+ 17. Rxd1 Bc6 18. Re2 Bxh4 19. gxh4 Rf4 20. d5 exd5
21. cxd5 Bd7 22. Re7 Rf7 23. Rde1 Kf8 24. Rxf7+ Nxf7 25. Bd4 c5 26. dxc6 bxc6
27. Rc1 Re8 28. Bxa7 Ra8 29. Be3 Rxa2 30. Bxc6 Bxc6 31. Rxc6 Ra1+ 32. Kg2 Rb1
33. Rc8+ Ke7 34. Rb8 Ne5 35. Bd4 Ke6 36. Bxe5 Kxe5 37. b4 Kd5 38. b5 Rb4 39.
Rb7 Kc5 40. Rxg7 Rxh4 41. b6 Kxb6 42. Kg3 Rd4 43. f4 h5 44. Rh7 Rd5 45. Kf3
Rd3+ 46. Kg2 Rd5 47. Kf3 1/2-1/2

[Event "Solingen-ch 2019"]
[Site "Solingen"]
[Date "2019.09.06"]
[Round "1.13"]
[White "Becker, Carsten"]
[Black "Scheidtmann, Kian"]
[Result "1-0"]
[WhiteElo "1819"]
[BlackElo "1297"]
[PlyCount "67"]
[EventDate "2019.??.??"]
[WhiteTeam "Elberfelder SG"]
[BlackTeam "SG Solingen"]

1. d4 Nf6 2. g3 d6 3. Nf3 g6 4. Bg2 Bg7 5. O-O O-O 6. b3 d5 7. Bb2 Nc6 8. c4
Bf5 9. Nc3 Nb4 10. Nh4 Be6 11. a3 Nc6 12. cxd5 Nxd5 13. e3 a6 14. Ne4 b6 15.
Rc1 Na5 16. b4 Nc4 17. Rxc4 Nxe3 18. fxe3 Bxc4 19. Rf2 Bd5 20. Ng5 Bxg2 21.
Nxg2 h6 22. Nh3 g5 23. Qh5 Qd5 24. Nh4 e6 25. Nf3 f6 26. Qg6 a5 27. e4 Qb3 {(=)
} 28. d5 Rae8 29. Nd4 Qd1+ 30. Kg2 exd5 31. Nf5 Rf7 32. Nxh6+ Kh8 33. Nxf7+ Kg8
34. Nh6+ 1-0

[Event "Solingen-ch 2019"]
[Site "Solingen"]
[Date "2019.09.06"]
[Round "1.14"]
[White "Kondziella, Tim"]
[Black "Lux, Andreas"]
[Result "1-0"]
[WhiteElo "983"]
[BlackElo "1787"]
[PlyCount "97"]
[EventDate "2019.??.??"]
[WhiteTeam "SG Solingen"]
[BlackTeam "SG Solingen"]

1. d4 Nf6 2. c4 g6 3. Nc3 Bg7 4. e4 d6 5. Nf3 O-O 6. Be2 e5 7. d5 Nbd7 8. O-O
Nc5 9. Qc2 a5 10. b3 Ne8 11. Nd2 f5 12. exf5 gxf5 13. Bb2 Qg5 14. a3 Rf6 15. b4
Rg6 16. g3 axb4 17. axb4 Rxa1 18. Rxa1 Na6 19. Nf3 Qf6 20. c5 Nxb4 21. Qa4 Qe7
22. Qxb4 dxc5 23. Qb3 Rb6 24. d6+ Rxb3 25. dxe7 Be6 26. Ng5 Rxb2 27. Nxe6 Kf7
28. Ra8 Kxe6 29. Rxe8 Bf6 30. Nd5 Bxe7 31. Bc4 b5 32. Nxc7+ Kd7 33. Bxb5+ Rxb5
34. Rxe7+ Kxe7 35. Nxb5 Kd7 36. Kf1 Kc6 37. Na3 Kd5 38. Ke2 Kd4 39. Nc2+ Kc3
40. Ne3 f4 41. gxf4 exf4 42. Nd5+ Kb2 43. Nxf4 c4 44. Ke3 c3 45. Nd3+ Kb1 46.
f4 c2 47. f5 c1=Q+ 48. Nxc1 Kxc1 49. f6 1-0

[Event "Solingen-ch 2019"]
[Site "Solingen"]
[Date "2019.09.20"]
[Round "2.1"]
[White "Vranidis, Athanassios"]
[Black "Kniest, Oliver"]
[Result "0-1"]
[WhiteElo "1970"]
[BlackElo "2292"]
[PlyCount "46"]
[EventDate "2019.??.??"]
[WhiteTeam "SG Solingen"]
[BlackTeam "SG Solingen"]

1. d4 d6 2. c4 f5 3. g3 Nf6 4. Nf3 g6 5. Bg2 Bg7 6. O-O O-O 7. Nc3 Nc6 8. d5
Ne5 9. Nxe5 dxe5 10. e3 e4 11. Rb1 Ng4 12. Ne2 g5 13. b3 Qd6 14. Bb2 Qh6 15. h3
Ne5 16. Nd4 f4 17. exf4 gxf4 18. Bxe4 fxg3 19. Ne6 Bxe6 20. dxe6 Qxh3 21. fxg3
Qxg3+ 22. Bg2 Ng4 23. Rf3 Qh2+ 0-1

[Event "Solingen-ch 2019"]
[Site "Solingen"]
[Date "2019.09.20"]
[Round "2.2"]
[White "Zolfagharian, Kevin"]
[Black "Rosenauer, Horst"]
[Result "1-0"]
[WhiteElo "2257"]
[BlackElo "1966"]
[PlyCount "55"]
[EventDate "2019.??.??"]
[WhiteTeam "SG Solingen"]
[BlackTeam "Bergische SF"]

1. e4 e5 2. Nf3 Nc6 3. Bc4 Bc5 4. c3 Qe7 5. O-O d6 6. d4 Bb6 7. b4 Nf6 8. a4 a6
9. a5 Ba7 10. b5 axb5 11. Bxb5 Bd7 12. a6 b6 13. Ba3 Nb8 14. Bc4 c5 15. dxe5
dxe5 16. Qe2 O-O 17. Rd1 Nc6 18. Nbd2 Rad8 19. Nf1 Na5 20. Bd3 Rfe8 21. Ne3 g6
22. Nd2 Nh5 23. Nd5 Qd6 24. Nc4 Nxc4 25. Bxc4 Qc6 26. Rab1 Nf4 27. Qf3 b5 28.
Bxb5 1-0

[Event "Solingen-ch 2019"]
[Site "Solingen"]
[Date "2019.09.20"]
[Round "2.3"]
[White "Kushchan, Eduard"]
[Black "Görke, Joachim"]
[Result "0-1"]
[WhiteElo "1944"]
[BlackElo "2103"]
[PlyCount "97"]
[EventDate "2019.??.??"]
[WhiteTeam "SG Solingen"]
[BlackTeam "SG Solingen"]

1. Nf3 d5 2. d4 Nf6 3. e3 c6 4. Bd3 Bg4 5. c4 e6 6. Nc3 Bd6 7. h3 Bh5 8. Bd2
Nbd7 9. cxd5 exd5 10. Qc2 Bg6 11. Bxg6 hxg6 12. O-O-O O-O 13. g4 b5 14. g5 b4
15. gxf6 bxc3 16. Bxc3 Qxf6 17. Qe2 Rfb8 18. h4 Bb4 19. Bxb4 Rxb4 20. Kb1 Rab8
21. Rd2 Nb6 22. a3 Rb5 23. Ne5 Na4 24. Ka1 Rxb2 25. Nd7 Qd6 26. Nc5 Rb1+ 27.
Rxb1 Rxb1+ 28. Kxb1 Nc3+ 29. Kc1 Nxe2+ 30. Rxe2 Qh2 31. a4 Qh1+ 32. Kb2 Qxh4
33. a5 g5 34. a6 f5 35. Kc3 g4 36. Rb2 g3 37. Rb8+ Kh7 38. fxg3 Qxg3 39. Rb7
Qxe3+ 40. Nd3 c5 41. dxc5 d4+ 42. Kc4 Qe6+ 43. Kb5 Qb3+ 44. Nb4 f4 45. c6 f3
46. c7 f2 47. c8=Q f1=Q+ 48. Kc6 Qbc4+ 49. Kd6 0-1

[Event "Solingen-ch 2019"]
[Site "Solingen"]
[Date "2019.09.20"]
[Round "2.4"]
[White "Flesch, Dr. Stefan"]
[Black "Becker, Carsten"]
[Result "1/2-1/2"]
[WhiteElo "2058"]
[BlackElo "1819"]
[PlyCount "62"]
[EventDate "2019.??.??"]
[WhiteTeam "SG Solingen"]
[BlackTeam "Elberfelder SG"]

1. d4 Nf6 2. c4 e6 3. Nc3 Bb4 4. e3 b6 5. Bd2 Bb7 6. Nf3 O-O 7. Be2 Bxc3 8.
Bxc3 Ne4 9. Qc2 f5 10. Bd3 d6 11. O-O-O Qe7 12. Ne1 Qh4 13. f3 Nf2 14. g3 Nxd3+
15. Qxd3 Qh5 16. d5 e5 17. f4 Nd7 18. Qf1 Rae8 19. Qf3 Qf7 20. Nc2 Nc5 21. Rhf1
e4 22. Qe2 b5 23. b3 a5 24. Nd4 bxc4 25. bxc4 Nd3+ 26. Rxd3 exd3 27. Qxd3 Ba6
28. Ne6 Rxe6 29. dxe6 Qxe6 30. Qd4 Rf7 31. Bxa5 Bxc4 1/2-1/2

[Event "Solingen-ch 2019"]
[Site "Solingen"]
[Date "2019.09.20"]
[Round "2.5"]
[White "Helfer, Bernd"]
[Black "Borchert, Stephan"]
[Result "0-1"]
[WhiteElo "1717"]
[BlackElo "2033"]
[PlyCount "70"]
[EventDate "2019.??.??"]
[WhiteTeam "SC Erkrath"]
[BlackTeam "SG Solingen"]

1. Nf3 g6 2. g3 Bg7 3. Bg2 e5 4. d3 d5 5. O-O Nc6 6. Nbd2 Nge7 7. c4 O-O 8. Rb1
dxc4 9. Nxc4 b5 10. Ncxe5 Bb7 11. Nxc6 Bxc6 12. Qc2 a5 13. Bd2 b4 14. Rfc1 Ra6
15. a3 Qd6 16. Qc5 Rb8 17. Qxd6 cxd6 18. axb4 axb4 19. Bf4 Bd5 20. b3 h5 21.
Nd2 Be6 22. Nc4 Nf5 23. e4 Nd4 24. Kf1 Rd8 25. Be3 Ra2 26. f4 Bg4 27. e5 dxe5
28. fxe5 Be2+ 29. Ke1 Bxd3 30. Bxd4 Bxb1 31. Bb6 Rb8 32. Bc7 Rc8 33. Nd6 Rxc7
34. Rxc7 Rxg2 35. Rxf7 Bxe5 0-1

[Event "Solingen-ch 2019"]
[Site "Solingen"]
[Date "2019.09.20"]
[Round "2.6"]
[White "Speck, Stefan"]
[Black "Kondziella, Tim"]
[Result "1-0"]
[WhiteElo "1991"]
[BlackElo "983"]
[PlyCount "57"]
[EventDate "2019.??.??"]
[WhiteTeam "SC Solingen 28"]
[BlackTeam "SG Solingen"]

1. e4 e5 2. Nf3 Nc6 3. Bc4 Bc5 4. O-O Nf6 5. d3 h6 6. c3 d6 7. a4 Bb6 8. Na3
Bg4 9. Nc2 O-O 10. Ne3 Bh5 11. Nd5 Nxd5 12. exd5 e4 13. dxe4 Ne5 14. Be2 Bxf3
15. gxf3 f5 16. a5 fxe4 17. fxe4 Bxf2+ 18. Rxf2 Rxf2 19. Kxf2 Qf6+ 20. Ke1 Rf8
21. Be3 Qh4+ 22. Kd2 Qxe4 23. Ra4 Qxd5+ 24. Kc1 Qg2 25. Bxa7 Qxh2 26. Bd4 Qf4+
27. Kb1 Qe4+ 28. Ka1 Rf2 29. Bxf2 1-0

[Event "Solingen-ch 2019"]
[Site "Solingen"]
[Date "2019.09.20"]
[Round "2.8"]
[White "Meckel, Helmut"]
[Black "Boschek, Dr. Hans-Joachim"]
[Result "0-1"]
[WhiteElo "1857"]
[BlackElo "1916"]
[PlyCount "94"]
[EventDate "2019.??.??"]
[WhiteTeam "SG Solingen"]
[BlackTeam "SG Solingen"]

1. b4 e5 2. Bb2 Bxb4 3. Bxe5 Nf6 4. c4 d5 5. e3 O-O 6. cxd5 Nxd5 7. Be2 c5 8.
Nf3 Nc6 9. Bb2 Bf5 10. O-O Rc8 11. Ne5 Nxe5 12. Bxe5 Qe7 13. Bb2 Rfd8 14. Bg4
Qe6 15. h3 Nf6 16. Bxf5 Qxf5 17. Qa4 a6 18. d4 b5 19. Qb3 Ba5 20. dxc5 Ne4 21.
Qa3 Bc7 22. Nc3 Nd2 23. Rfd1 Qe5 24. g3 Qf5 25. e4 Qxh3 26. Nd5 Nc4 27. Qb3 Re8
28. Nxc7 Rxc7 29. Rd5 Qg4 30. Re1 Rc6 31. Kg2 Rh6 32. Qc3 Qh3+ 33. Kf3 Nxb2 34.
Qxb2 Rf6+ 35. Ke3 Qg4 36. Qd4 Qf3+ 37. Kd2 Qa3 38. Re2 Qxa2+ 39. Kd3 Qb1+ 40.
Kd2 h6 41. e5 Rf3 42. Rd8 Rxd8 43. Qxd8+ Kh7 44. Qd5 Qb2+ 45. Kd1 Qa1+ 46. Kd2
Qc3+ 47. Kd1 Rd3+ 0-1

[Event "Solingen-ch 2019"]
[Site "Solingen"]
[Date "2019.09.20"]
[Round "2.9"]
[White "Lux, Andreas"]
[Black "Cakir, Eren"]
[Result "0-1"]
[WhiteElo "1787"]
[BlackElo "1689"]
[PlyCount "64"]
[EventDate "2019.??.??"]
[WhiteTeam "SG Solingen"]
[BlackTeam "Bahn-SC Wuppertal"]

1. d4 Nf6 2. Nf3 g6 3. Nc3 Bg7 4. e4 d6 5. h3 a6 6. Be3 b5 7. Bd3 Bb7 8. a3
Nbd7 9. O-O O-O 10. Nd2 e5 11. d5 c6 12. dxc6 Bxc6 13. Nb3 Nb6 14. Qe2 d5 15.
exd5 Nbxd5 16. Bc5 Nxc3 17. bxc3 Re8 18. Rad1 Nd5 19. Qd2 e4 20. Be2 Nxc3 21.
Qe3 Nxd1 22. Rxd1 Qc7 23. Bb6 Qe7 24. Na5 Rac8 25. c4 bxc4 26. Nxc4 Bb5 27. Nd6
Rc3 28. Qd2 Bxe2 29. Qxe2 Rb8 30. Qxa6 Rc6 31. Nc4 Qe6 32. Qa7 Rbc8 0-1

[Event "Solingen-ch 2019"]
[Site "Solingen"]
[Date "2019.09.18"]
[Round "2.10"]
[White "Alexopoulos, Dr. Spiros"]
[Black "Fodor, Bernhard"]
[Result "1-0"]
[WhiteElo "1926"]
[BlackElo "1345"]
[PlyCount "67"]
[EventDate "2019.??.??"]
[WhiteTeam "Aachener SV"]
[BlackTeam "SG Solingen"]

1. e4 c5 2. Nf3 Nf6 3. e5 Nd5 4. c4 Nb4 5. a3 N4c6 6. Nc3 e6 7. Bd3 d6 8. exd6
Bxd6 9. Bb1 Nd7 10. d4 Ne7 11. O-O O-O 12. Ne4 Qc7 13. Qc2 f5 14. Nxd6 Qxd6 15.
Rd1 Ng6 16. b4 a6 17. dxc5 Qc7 18. Ng5 Nf6 19. Rd6 Re8 20. Bb2 e5 21. Qe2 h6
22. Nf3 Nf4 23. Qd1 Ng6 24. g3 Qe7 25. Qe1 Qf7 26. Nxe5 Nxe5 27. Bxe5 Ng4 28.
f4 Bd7 29. a4 Qe7 30. Qd2 Rad8 31. Bc2 Nxe5 32. fxe5 Qg5 33. Qxg5 hxg5 34. Rad1
1-0

[Event "Solingen-ch 2019"]
[Site "Solingen"]
[Date "2019.09.20"]
[Round "2.11"]
[White "Kowalzick, Uwe"]
[Black "Bauer, Matthias"]
[Result "1/2-1/2"]
[WhiteElo "1782"]
[BlackElo "1645"]
[PlyCount "111"]
[EventDate "2019.??.??"]
[WhiteTeam "Velberter SG"]
[BlackTeam "SV Günnigfeld"]

1. d4 d5 2. Nf3 Nf6 3. Bf4 c6 4. e3 Bg4 5. Nbd2 e6 6. Be2 Bd6 7. Ne5 Bxe2 8.
Qxe2 O-O 9. Bg5 Be7 10. h4 Nbd7 11. g4 Nxe5 12. dxe5 Nd7 13. Bxe7 Qxe7 14. f4
Qb4 15. O-O-O a5 16. c3 Qb6 17. g5 a4 18. h5 Nc5 19. Rdg1 Qa6 20. c4 b5 21.
cxd5 cxd5 22. g6 h6 23. gxf7+ Rxf7 24. Rg6 b4 25. Qxa6 Rxa6 26. Rhg1 Rc6 27.
Kb1 Rfc7 28. Rc1 Ne4 29. Rxc6 Nxd2+ 30. Kc1 Rxc6+ 31. Kxd2 b3 32. axb3 axb3 33.
f5 Rc2+ 34. Kd3 exf5 35. Rd6 Rxb2 36. Rxd5 Rb1 37. Kc3 b2 38. e6 Rc1+ 39. Kxb2
Rc8 40. Rxf5 Re8 41. Re5 g6 42. hxg6 Kg7 43. Kc3 Kxg6 44. Kd4 Kf6 45. Rh5 Kg6
46. Rh3 Rxe6 {(=)} 47. Kd5 Re8 48. e4 Rd8+ 49. Ke5 Re8+ 50. Kf4 Rf8+ 51. Kg4
Re8 52. Re3 h5+ 53. Kh4 Re5 54. Rg3+ Kf6 55. Rf3+ Kg6 56. Rg3+ 1/2-1/2

[Event "Solingen-ch 2019"]
[Site "Solingen"]
[Date "2019.09.20"]
[Round "2.12"]
[White "Sereda, Yaroslava"]
[Black "Fränzel, Dr. Marius"]
[Result "0-1"]
[WhiteElo "1687"]
[BlackElo "1760"]
[PlyCount "128"]
[EventDate "2019.??.??"]
[WhiteTeam "SG Solingen"]
[BlackTeam "SG Solingen"]

1. e4 e5 2. Nf3 Nc6 3. Bb5 a6 4. Ba4 Nf6 5. d4 Nxd4
6. Nxd4 exd4 7. O-O Be7 8. Re1 b5 9. Bb3 d6 10. c3 dxc3 11. Nxc3 O-O 12. Nd5
Bb7 13. Qd3 Nxd5 14. exd5 Bf6 15. Bc2 g6 16. Rb1 Bg7 17. Bd2 Qh4 18. Bc3 Bxc3
19. bxc3 Bc8 20. Rb4 Qf6 21. Qg3 Bd7 22. Rf4 Rfe8 23. Rfe4 Rxe4 24. Rxe4 Bf5
25. Re2 Bxc2 26. Rxc2 Qf5 27. Rc1 Qxd5 28. a3 Re8 29. Qg4 Qd2 30. Qd1 Re2 31.
Qxd2 Rxd2 32. g3 Ra2 33. c4 c6 34. cxb5 cxb5 35. Rc3 d5 36. Kg2 d4 37. Rd3 a5
38. Kf3 f5 39. h3 Kf7 40. g4 Kf6 41. Rxd4 Rxa3+ 42. Kg2 fxg4 43. hxg4 Ke5 44.
Rd7 h6 45. Rh7 Kf4 46. Rxh6 Kg5 47. Rh8 Kxg4 48. Rd8 Rb3 49. Rd6 g5 50. Ra6 a4
51. Ra7 Rb2 52. Ra5 Kf4 53. Ra6 g4 54. Ra8 Rb4 55. Ra7 Ke4 56. Kg3 Kd3 57. Rc7
Rc4 58. Ra7 Kc3 59. f3 gxf3 60. Kxf3 Kb2 61. Ra5 Rc3+ 62. Ke4 Rb3 63. Kd4 a3
64. Kc5 a2 0-1

[Event "Solingen-ch 2019"]
[Site "Solingen"]
[Date "2019.09.20"]
[Round "2.13"]
[White "Skiber, Friedel"]
[Black "Schubert, Stefan"]
[Result "1-0"]
[WhiteElo "1735"]
[BlackElo "1572"]
[PlyCount "67"]
[EventDate "2019.??.??"]
[WhiteTeam "SG Solingen"]
[BlackTeam "SG Solingen"]

1. e4 c5 2. Nc3 Nc6 3. f4 g6 4. Bc4 e6 5. Nf3 Nge7 6. d3 Bg7 7. a3 a6 8. O-O b5
9. Ba2 O-O 10. Qe1 Qb6 11. Be3 Nd4 12. Qf2 Bb7 13. b4 Rac8 14. bxc5 Qxc5 15.
Ne2 Nxf3+ 16. Qxf3 Qxc2 17. Bb1 Qc7 18. Ra2 d5 19. Qh3 dxe4 20. dxe4 Qc4 21. f5
Bxe4 22. f6 Bxb1 23. Rb2 Bxf6 24. Rxf6 Bf5 25. Qh6 Kh8 26. Bd4 Kg8 27. Rxe6 f6
28. Rxe7 Rf7 29. Qe3 Rd8 30. Re8+ Rf8 31. Rxd8 Rxd8 32. Bxf6 Rd1+ 33. Kf2 Kf7
34. Qe7+ 1-0

[Event "Solingen-ch 2019"]
[Site "Solingen"]
[Date "2019.09.20"]
[Round "2.14"]
[White "Büttgenbach, Uwe Eugen"]
[Black "Kaiser, Stephan"]
[Result "1-0"]
[WhiteElo "1583"]
[BlackElo "1717"]
[PlyCount "61"]
[EventDate "2019.??.??"]
[WhiteTeam "Klub Kölner SF"]
[BlackTeam "SG Solingen"]

1. e4 e5 2. f4 d5 3. exd5 e4 4. Bc4 Bc5 5. d4 exd3 6. Qxd3 Nf6 7. h3 O-O 8. Nc3
Re8+ 9. Nge2 Nbd7 10. Bd2 Nb6 11. Bb3 a6 12. O-O-O Qd6 13. f5 Nfd7 14. Bf4 Ne5
15. Qe4 Nbd7 16. g4 b5 17. Qg2 Bb7 18. g5 Qb6 19. Qg3 Rad8 20. Ne4 Bd6 21. Nf6+
Nxf6 22. gxf6 g6 23. h4 Nd7 24. fxg6 hxg6 25. Nd4 Nxf6 26. h5 Bxf4+ 27. Qxf4
Nxh5 28. Qg5 Kh7 29. Nf5 Re5 30. Rxh5+ Kg8 31. Qxd8+ 1-0